Panṭait Tamil̲ar pōr ner̲i. (Record no. 72699)

MARC details
000 -LEADER
fixed length control field 00622cam a22002411 4500
001 - CONTROL NUMBER
control field sa 67001533
003 - CONTROL NUMBER IDENTIFIER
control field DLC
005 - DATE AND TIME OF LATEST TRANSACTION
control field 20260227112323.0
008 - FIXED-LENGTH DATA ELEMENTS--GENERAL INFORMATION
fixed length control field 901207s1965 ii 000 0 tamo
010 ## - LIBRARY OF CONGRESS CONTROL NUMBER
LC control number sa 67001533
035 ## - SYSTEM CONTROL NUMBER
System control number (OCoLC)22807297
040 ## - CATALOGING SOURCE
Original cataloging agency DLC
Transcribing agency WaU
Modifying agency DLC
042 ## - AUTHENTICATION CODE
Authentication code premarc
050 00 - LIBRARY OF CONGRESS CALL NUMBER
Classification number U22
Item number .G64
100 1# - MAIN ENTRY--PERSONAL NAME
Personal name Govindan, K.
245 10 - TITLE STATEMENT
Title Panṭait Tamil̲ar pōr ner̲i.
260 ## - PUBLICATION, DISTRIBUTION, ETC.
Date of publication, distribution, etc. [1965]
300 ## - PHYSICAL DESCRIPTION
Extent ii, xiv, 287 p.
Dimensions 19 cm.
500 ## - GENERAL NOTE
General note In Tamil.
500 ## - GENERAL NOTE
General note Based on the Tolkāppiyam.
650 #0 - SUBJECT ADDED ENTRY--TOPICAL TERM
Topical term or geographic name entry element War
General subdivision Moral and ethical aspects.
700 0# - ADDED ENTRY--PERSONAL NAME
Personal name Tolkāppiyar.
Title of a work Tolkāppiyam.

No items available.

Powered by Koha